| 000 | 00981nmc a2200361 a 4500 | ||
|---|---|---|---|
| 003 | AR-BaBNM | ||
| 005 | 20251128211543.0 | ||
| 008 | 224120s2004 ||||||||||||||000 | spa|| | ||
| 020 | _a958-20-0778-8 | ||
| 040 | _cAR-BaBNM | ||
| 100 | 1 | _aAraya, Domingo | |
| 245 | 1 | 0 |
_aPensamiento político _baplicaciones didácticas |
| 260 |
_aBogotá _bCooperativa Editorial Magisterio _c2004 |
||
| 300 | 0 | _a191 p. | |
| 490 | 0 | _aAlma Mater | |
| 504 | _aContiene referencias bibliográficas p. 319-339 | ||
| 600 | 1 | 4 | _aArendt, Hannah |
| 600 | 1 | 4 | _aCastoriadis, Cornelius |
| 600 | 1 | 4 | _aMorin, Edgar |
| 600 | 1 | 4 | _aRawls, John |
| 600 | 1 | 4 | _aNozick, Robert |
| 600 | 1 | 4 | _aJünger, Ernst |
| 600 | 1 | 4 | _aHabermas, Jürgen |
| 600 | 1 | 4 | _aDerrida, Jacques |
| 650 | 4 | _aTEORIA POLITICA | |
| 650 | 4 | _aCIENCIAS POLITICAS | |
| 650 | 4 | _aENSENANZA DE LAS CIENCIAS SOCIALES | |
| 650 | 4 | _aENSAYO | |
| 650 | 4 | _aTEORIA SOCIAL | |
| 650 | 4 | _aFILOSOFIA | |
| 942 | _cBK | ||
| 998 | _craquel | ||
| 999 |
_c20160 _d20160 |
||